Ο βιβλιοπώλης της Καμπούλ

Αποθηκεύτηκε σε:
Λεπτομέρειες βιβλιογραφικής εγγραφής
Κύριος συγγραφέας: Seierstad, Asne, 1970-
Άλλοι συγγραφείς: Μίνογλου, Θέμις (Επιμελητής έκδοσης)
Μορφή: Βιβλίο
Γλώσσα:Greek
Norwegian
Δημοσίευση: Αθήνα : Κριτική, c2003.
Σειρά:Cosmos 3
Θέματα:
Ετικέτες: Προσθήκη ετικέτας
Δεν υπάρχουν, Καταχωρήστε ετικέτα πρώτοι!

MARC

LEADER 00000cam a2200000 i 4500
001 1/59626
008 040826s2003 gr | ||| |||| ||gre||
020 |a 9602183225 
035 |l 10074152 
040 |a GR-MyUA  |b gre  |e AACR2 
041 1 |a gre  |h nor 
082 0 |a 839.823   |2 (22) 
082 0 |a 958.1   |2 (22)  
100 1 |a Seierstad, Asne,   |d 1970- 
245 1 2 |a Ο βιβλιοπώλης της Καμπούλ /   |c Όσνε Σέιερσταντ ; μετάφραση Άννα Παπαφίγκου ; επιμέλεια Θέμις Μίνογλου.  
260 |a Αθήνα :   |b Κριτική,   |c c2003.  
300 |a 292 σ. ;   |c 21 εκ.  
490 1 |a (Cosmos (Κριτική)   |v ; 3) 
500 |a Τίτλος πρωτοτύπου: Bokhandleren i Kabul: et familiedrama.  
600 3 0 |a Khan family. 
650 0 0 |a Booksellers and bookselling  |z Afghanistan  |z Kabul. 
651 0 |a Kabul (Afghanistan)  |x Biography. 
651 0 |a Kabul (Afghanistan)  |x Social life and customs. 
700 1 |a Μίνογλου, Θέμις,  |e edt 
830 0 |a Cosmos  |v 3 
852 |a INST  |b LESVOS  |e 20230516  |h 958.1 SEI  |p 005100064619  |q 005100064619  |t BK  |y 0 
852 |a INST  |b SAMOS  |e 20040826  |h 958.1 SEI  |p 005300023234  |q 005300023234  |t BK  |y 0 
852 |a INST  |b SYROS  |e 20130214  |h 839.823 SEI  |p 005500010548  |q 005500010548  |t BK  |y 0 
901 |a BIBL5-2013-1 
901 |a BIBL3-2004-2 
909 |a Ε  |b 174073 
909 |a Σ  |b 107435 
922 |a 3ΕΛΗ  |b 200406  |c ΕΠΕΑΕΚ/ΤΜΠΕΣ  |d LEADER 
970 |a ΚΟΣΙΕΡΗΣ  |b ΧΡΗΣΤΟΣ  |z 2004/08/26